| 000 | 00526nam a2200181 a 4500 | ||
|---|---|---|---|
| 001 | 29349 | ||
| 005 | 20180713232403.0 | ||
| 008 | 140415s1993 000 0 eng d | ||
| 020 | _a0553094238 | ||
| 041 | _aeng | ||
| 082 |
_a658.314 _bCHA |
||
| 100 | 1 | _aCHAPPELL, TOM | |
| 245 | 1 | 4 |
_aTHE SOUL OF A BUSINESS : _bMANAGING FOR PROFIT AND THE COMAN GOOD |
| 250 | _a1a ed. | ||
| 260 |
_a[s.l.] : _bBANTAM BOOK, _c1993 |
||
| 300 | _a223 | ||
| 650 | 1 | 4 |
_aADMINISTRACION _xASPECTOS RELIGIOSOS _xETICA EN LOS NEGOCIOS |
| 999 |
_c29349 _d29349 |
||